Normal view
MARC view
Entry Personal Name
001 - CONTROL NUMBER
- control field: 1237607
003 - CONTROL NUMBER IDENTIFIER
- control field: OSt
005 - DATE AND TIME OF LATEST TRANSACTION
- control field: 20260430150454.0
008 - FIXED-LENGTH DATA ELEMENTS
- fixed length control field: 260430|| aca||aabn | a|a d
040 ## - CATALOGING SOURCE
- Original cataloging agency: OSt
- Transcribing agency: OSt
100 ## - HEADING--PERSONAL NAME
- Personal name: Kaur Harleen Au.; Verma Harsh Vardhan Au
670 ## - SOURCE DATA FOUND
- Source citation: Work cat.: (OSt)1849859: Kaur Harleen Au.; Verma Harsh Vardhan Au., Brand Pride: Antecedents, Consequences and Branding Implications, 2023
